| 000 | 00514nam a2200169Ia 4500 | ||
|---|---|---|---|
| 008 | 150509s9999 xx 000 0 und d | ||
| 020 | _a0273683780 | ||
| 082 | _a658.872 CHA | ||
| 100 | _aChaffey,Dave | ||
| 245 | _aE-business and E-commerce management | ||
| 260 | _aHarlow: | ||
| 260 | _bPrentice Hall | ||
| 260 | _c2004 | ||
| 300 | _axxvi, 589p.:ill.;25cm. | ||
| 500 | _aIncludes bibliographical references and index | ||
| 650 | _aElectronic businessElectronic commerceBusiness entreprises-computer networks | ||
| 999 |
_c11603 _d11603 |
||